Google or Microsoft - Statistics

General Stats
  • This quiz has been taken 22 times
  • The average score is 13 of 15
Answer Stats
Question Answer % Correct
Chrome Google
100%
Edge Microsoft
100%
Docs Google
95%
Powerpoint Microsoft
95%
Word Microsoft
95%
Gemeni Google
90%
Drive Google
90%
Earth Google
90%
Outlook Microsoft
90%
Copilot Microsoft
90%
Excel Microsoft
90%
Bing Microsoft
85%
Slides Google
75%
Sites Google
75%
NotebookLm Google
70%
No matching quizzes found
Score Distribution
Percent of People with Each Score
Percentile by Number Answered
Your Score History
You have not taken this quiz